[Event "Kongsberg-ch"]
[Site "Kongsberg"]
[Date "2020.11.23"]
[Round "6"]
[White "Slettum, Karl Anker"]
[Black "Reinholdtsen, Anton"]
[Result "1-0"]
[WhiteElo "1839"]
[BlackElo "1457"]
[PlyCount "33"]
[EventDate "2020.09.14"]
[EventType "swiss"]
[EventRounds "7"]
[EventCountry "NOR"]
[SourceTitle "EXT 2024"]
[Source "ChessBase"]
[SourceDate "2023.10.10"]
[SourceVersion "1"]
[SourceVersionDate "2023.10.10"]
[SourceQuality "1"]

1. e4 e6 2. d4 d5 3. Nc3 Nf6 4. e5 Nfd7 5. f4 c5 6. dxc5 Bxc5 7. Bd3 Nc6 8. Qg4 0-0 9. Nf3 f5 10. Qh3 h6 11. g4 Nb4 12. g5 Nxd3+ 13. cxd3 Kh7 14. gxh6 Be7 15. hxg7+ Kxg7 16. Rg1+ Kf7 17. Qh5# 1-0

[Event "Kongsberg CC-ch"]
[Site "Skavanger"]
[Date "2013.02.19"]
[Round "2"]
[White "Kowerich, Stefan"]
[Black "Reinholdtsen, Anton"]
[Result "1/2-1/2"]
[WhiteElo "1409"]
[BlackElo "1599"]
[PlyCount "58"]
[EventDate "2013.01.22"]
[EventType "swiss"]
[EventRounds "7"]
[EventCountry "NOR"]
[SourceTitle "EXT 2024"]
[Source "ChessBase"]
[SourceDate "2023.10.10"]
[SourceVersion "1"]
[SourceVersionDate "2023.10.10"]
[SourceQuality "1"]

1. e4 e6 2. d4 d5 3. exd5 exd5 4. Bd3 Nf6 5. Bf4 Bd6 6. Bxd6 Qxd6 7. Nf3 0-0 8. 0-0 Bg4 9. Nbd2 Nbd7 10. c3 Rfe8 11. Qc2 Nf8 12. Rae1 Ng6 13. h3 Bd7 14. Re3 Nf4 15. Rfe1 Nxd3 16. Qxd3 g6 17. Qb1 Rxe3 18. Rxe3 Re8 19. Rxe8+ Nxe8 20. Qe1 f6 21. b3 Kf7 22. a4 Qc6 23. Qe3 Nd6 24. g4 Kf8 25. Qf4 Nf7 26. Qe3 Qe6 27. Qf4 Qd6 28. Qe3 a5 29. Kg2 Qe6 1/2-1/2